Logotopia: The Library in Architecture, Art and the Imagination /
Gespeichert in:
| Weitere Verfasser: | , |
|---|---|
| Format: | Buch |
| Sprache: | Englisch |
| Veröffentlicht: |
Cambridge, Ontario Canada :
Cambridge Galleries,
2008
|
| Schlagworte: | |
| Tags: |
Keine Tags, Fügen Sie das erste Tag hinzu!
|
MARC
| LEADER | 00000nam a22000003a 4500 | ||
|---|---|---|---|
| 001 | 0014696 | ||
| 003 | SK-STU | ||
| 005 | 20160526104152.3 | ||
| 007 | ta | ||
| 008 | 160526s ----xo-----e------000-0-----d | ||
| 020 | |a 978-1897001264 | ||
| 020 | |a 1897001266 | ||
| 040 | |a BA329 |b slo | ||
| 041 | 0 | |a eng | |
| 044 | |a xxc | ||
| 245 | 1 | 0 | |a Logotopia: The Library in Architecture, Art and the Imagination / |c ed. Sascha Hastings, Esther E Shipman |
| 260 | |a Cambridge, Ontario Canada : |b Cambridge Galleries, |c 2008 | ||
| 300 | |a 128 s. | ||
| 650 | 0 | 7 | |a knižnica |
| 650 | 0 | 7 | |a exteriér |
| 650 | 0 | 7 | |a interiér |
| 650 | 0 | 7 | |a mobiliár |
| 650 | 0 | 7 | |a pôdorysy |
| 650 | 0 | 7 | |a budovy pre obchod a služby |
| 650 | 0 | 7 | |a štruktúra knižnice |
| 650 | 0 | 7 | |a library |
| 650 | 0 | 7 | |a exterior |
| 650 | 0 | 7 | |a interior |
| 650 | 0 | 7 | |a footprint |
| 700 | 1 | |a Hastings, Sascha |r Z6 |4 edt | |
| 700 | 1 | |a Shipman, Esther E. |r Z6 |4 edt | |
| 996 | |b 284AU06711 |c A* 9785/U |l AAKNAR |s A |a 24 |w 0014696_0001 | ||